00810nam a2200193 i 450000100060000000300090000600500170001500700030003200800410003510000290007624501790010526000530028430000350033765000550037270000310042785200210045899900170047995201200049682549ES-MaACL20230906174708.0t|041111s1947 ag |||| | spa d1 aHuart, Clément.96446510aLiteratura árabe / cpor Clémet Huart ; con un prólogo estudio del erudito orientalista argentino Osvaldo A. Machado sobre "La cultura árabe y su historia literaria". aBuenos Aires : bEl Nilo, c[1947] (fPatagonia) aXVI, 607 p. : bil. ; c23 cm. 4aLiteratura árabe-xHistoria y crítica.91683531 aMachado, Osvaldo A.975165 aES-MaACLjC-5019 c82549d82549 00104070aATENEOMbATENEOMcSPALd2008-01-17eSCl0oC-5019p1086272r2023-02-23 00:00:00w2023-02-23yMONOGRAFIA